|
|
|
|
| LEADER |
00000cam a2200000 i 4500 |
| 001 |
1/94534 |
| 008 |
080925s1955 gr | ||| |||| ||gre|| |
| 035 |
|
|
|l 10100438
|
| 040 |
|
|
|a GR-MY-UA
|b gre
|e aacr
|
| 041 |
0 |
|
|a gre
|
| 082 |
0 |
|
|a 185
|2 (22)
|
| 100 |
1 |
|
|a Σακορράφος, Δημήτριος Γ.
|
| 245 |
1 |
0 |
|a Αριστοτέλους :
|b κοινωνιολογικαί - παιδαγωγικαί αρχαί /
|c Δημητρίου Γ. Σακορράφου
|
| 260 |
|
|
|a Χανιά :
|b [χ.ό.],
|c 1955
|
| 300 |
|
|
|a 226 σ.;
|c 24 εκ.
|
| 600 |
1 |
0 |
|a Αριστοτέλης,
|d 384-322.
|
| 650 |
0 |
0 |
|a Education
|x Philosophy.
|
| 650 |
0 |
0 |
|a Sociology
|x Philosophy.
|
| 852 |
|
|
|a INST
|b RHODES
|c AKA
|e 20080925
|h 185 ΣΑΚ
|p 005400030640
|q 005400030640
|t BK
|y 0
|
| 901 |
|
|
|a BIBL4-2008-3
|
| 909 |
|
|
|a Ρ
|b 153091
|
| 970 |
|
|
|a ΧΑΡΙΟΠΟΛΙΤΟΥ
|b ΚΩΝΣΤΑΝΤΙΝΑ
|z 2008/09/25
|